[Event "39th Trusts Chess Open A"]
[Site "Henderson, Auckland NZL"]
[Date "2016.06.04" ]
[Round "1"]
[White "Forster, William"]
[Black "Dive, Russell J"]
[Result "0-1"]
[WhiteElo "2075"]
[BlackElo "2452"]
[PlyCount "0"]
[EventDate "2016.06.04"]
[SourceDate ""]

1. d4 Nf6 2. c4 e6 3. Nc3 Bb4 4. Qc2 O-O 5. a3 Bxc3+ 6. Qxc3 Ne4 7. Qc2 f5 8.
g3 b6 9. Bg2 Bb7 10. Nh3 a5 11. b3 c5 12. dxc5 bxc5 13. Bb2 a4 14. O-O axb3 15.
Qxb3 Bc6 16. Rfd1 Na6 17. Bxe4 Bxe4 18. Nf4 Rb8 19. Qc3 Qe7 20. Rd2 Rb7 21.
Rad1 Bc6 22. Rd6 Rfb8 23. Nd3 Nc7 24. Qxg7+ Qxg7 25. Bxg7 Kxg7 26. Nxc5 Rb1 27.
f3 Ne8 28. R6d2 Nf6 29. Rxb1 Rxb1+ 30. Kf2 Rc1 0-1

[Event "39th Trusts Chess Open A"]
[Site "Henderson, Auckland NZL"]
[Date "2016.06.04" ]
[Round "1"]
[White "Kulashko, Alexei"]
[Black "Goodhue, Nathan"]
[Result "1-0"]
[WhiteElo "2429"]
[BlackElo "2074"]
[PlyCount "0"]
[EventDate "2016.06.04"]
[SourceDate ""]

1. e4 d5 2. exd5 Qxd5 3. Nf3 Bg4 4. Be2 c6 5. d4 e6 6. c4 Qd8 7. O-O Nf6 8. Nc3
Be7 9. h3 Bh5 10. Be3 O-O 11. Ne5 Bxe2 12. Qxe2 Nbd7 13. Rad1 Qc8 14. Bg5 Bd8
15. Rd3 Bc7 16. Rfd1 Re8 17. Rg3 c5 18. Bxf6 Nxf6 19. dxc5 Rd8 20. Rxd8+ Qxd8
21. Rd3 Qe7 22. b4 a5 23. a3 axb4 24. axb4 Ra1+ 25. Rd1 Rxd1+ 26. Nxd1 Qd8 27.
Qd3 Qa8 28. Nd7 Qa4 29. Nxf6+ gxf6 30. Qb1 Be5 31. g3 Qa3 32. Kg2 Bc3 33. b5
Be5 34. c6 bxc6 35. b6 c5 36. Qb5 Qb4 37. Ne3 Kf8 38. Qc6 f5 39. Qc8+ Ke7 40.
Qb7+ Kf6 41. g4 f4 42. g5+ Kxg5 43. Ng4 Qc3 44. Qxf7 f3+ 45. Qxf3 Qxf3+ 46.
Kxf3 Bd6 47. Ke4 Kh4 48. Nf6 h6 49. b7 Kxh3 50. Kf3 Kh4 51. Ne4 Bb8 52. Nxc5
Ba7 53. Nxe6 1-0

[Event "39th Trusts Chess Open A"]
[Site "Henderson, Auckland NZL"]
[Date "2016.06.04" ]
[Round "1"]
[White "Bennett, Hilton P"]
[Black "Hague, Ben"]
[Result "0-1"]
[WhiteElo "2052"]
[BlackElo "2428"]
[PlyCount "0"]
[EventDate "2016.06.04"]
[SourceDate ""]

1. Nf3 c5 2. g3 Nc6 3. Bg2 g6 4. d3 Bg7 5. O-O Nf6 6. c3 O-O 7. Re1 d5 8. Qa4
e5 9. Bg5 h6 10. Bxf6 Qxf6 11. Nfd2 Rd8 12. Nb3 Bf8 13. Qb5 a5 14. e4 Na7 15.
Qxa5 b6 16. Qa4 Bd7 17. Qa6 Bb5 18. Qb7 Rdb8 19. Qxa8 Rxa8 20. exd5 Bxd3 21.
N1d2 Nb5 22. Ne4 Bxe4 23. Bxe4 c4 24. Nd2 Bc5 25. Rf1 Nd6 26. Bg2 Qf5 27. a3
Qc2 28. Nf3 Qxb2 29. Nxe5 Qxc3 30. Nc6 Rxa3 31. Rae1 Ra2 0-1

[Event "39th Trusts Chess Open A"]
[Site "Henderson, Auckland NZL"]
[Date "2016.06.04" ]
[Round "1"]
[White "Garbett, Paul A"]
[Black "Fan, Allen Chi Zhou"]
[Result "1-0"]
[WhiteElo "2346"]
[BlackElo "2047"]
[PlyCount "0"]
[EventDate "2016.06.04"]
[SourceDate ""]

1. c4 c5 2. g3 Nf6 3. Bg2 g6 4. Nc3 Bg7 5. a3 Nc6 6. Rb1 a5 7. e3 O-O 8. Nge2
d6 9. O-O Be6 10. d3 h6 11. h3 Kh7 12. Qb3 Rb8 13. Rd1 Ne8 14. Nf4 Bd7 15. Nfd5
e6 16. Nb6 Nc7 17. Bd2 Be8 18. Nca4 f5 19. Bc3 e5 20. Qc2 g5 21. Qe2 Bg6 22. b3
Qe8 23. Ba1 f4 24. Be4 Bxe4 25. dxe4 f3 26. Qc2 Qh5 27. Kh2 Rbd8 28. Rh1 Ne6
29. Kg1 Rf7 30. Nd5 Qg6 31. Kf1 g4 32. hxg4 Qxg4 33. Ke1 Rg8 34. Rh4 Qg6 35.
Kd2 Qg5 36. Kd3 Ne7 37. Nxe7 Qxe7 38. Rbh1 Ng5 39. Kd2 Qc7 40. Nc3 Ra8 41. a4
Rd8 42. Nd5 Qc6 43. Bc3 b6 44. Rh5 Ne6 45. Qb1 Rh8 46. Rf5 Kg8 47. Rxf3 Qb7 48.
Rf5 Kf8 49. Ke2 Ke8 50. f3 Rhf8 51. g4 Kd7 52. Be1 Kc6 53. Bh4 Ng5 54. Bxg5
hxg5 55. Rh7 Rxf5 56. exf5 Rh8 57. f6 Rxh7 58. Qxh7 Bf8 59. Qg8 Qb8 60. Qf7 Qd8
61. Ne7+ 1-0

[Event "39th Trusts Chess Open A"]
[Site "Henderson, Auckland NZL"]
[Date "2016.06.04" ]
[Round "1"]
[White "Macdonald, Paul"]
[Black "Smith, Robert W"]
[Result "0-1"]
[WhiteElo "2040"]
[BlackElo "2337"]
[PlyCount "0"]
[EventDate "2016.06.04"]
[SourceDate ""]

1. d4 Nf6 2. c4 g6 3. Nc3 Bg7 4. e4 d6 5. f4 O-O 6. Nf3 c5 7. d5 e6 8. Be2 exd5
9. cxd5 Re8 10. e5 dxe5 11. fxe5 Ng4 12. Bg5 Qb6 13. Qd2 Nxe5 14. O-O-O Nbd7
15. d6 Qa5 16. Nd5 Qxa2 17. Nc7 Nxf3 18. Bxf3 Qa1+ 19. Kc2 Qxb2+ 20. Kd3 Qb3+
0-1

[Event "39th Trusts Chess Open A"]
[Site "Henderson, Auckland NZL"]
[Date "2016.06.04" ]
[Round "1"]
[White "McLaren, Leonard J"]
[Black "Lim, Benjamin U"]
[Result "1-0"]
[WhiteElo "2330"]
[BlackElo "2037"]
[PlyCount "0"]
[EventDate "2016.06.04"]
[SourceDate ""]

1. e4 c5 2. c3 Nf6 3. e5 Nd5 4. d4 cxd4 5. cxd4 g6 6. Nc3 Nxc3 7. bxc3 Bg7 8.
Nf3 d6 9. Bc4 O-O 10. O-O Qc7 11. Qe2 Bg4 12. e6 f5 13. Rb1 Bxf3 14. gxf3 Nc6
15. Bd5 Rac8 16. Bd2 b6 17. h4 Kh8 18. Kg2 Bf6 19. Rh1 Rg8 20. Qd3 h5 21. Kh3
Qd8 22. Rhg1 Qf8 23. Rg2 Kh7 24. Rbg1 Bh8 25. Rg5 Qf6 26. f4 Nd8 27. Qe2 Rg7
28. R1g3 b5 29. Bb3 b4 30. Qa6 Rc6 31. Qb5 bxc3 32. Bxc3 Rxc3 33. Rxc3 Qxd4 34.
Rc8 Rg8 35. Rxh5+ gxh5 36. Qxf5+ Kh6 37. Bc2 Qg7 38. Qg5+ Qxg5 39. fxg5+ Kg7
40. Rc7 Kf8 41. Rc8 Kg7 42. Bb3 Nxe6 43. Rxg8+ Kxg8 44. Bxe6+ Kh7 45. Bf7 d5
46. Bxh5 Be5 47. Kg4 d4 48. Kf5 Bd6 49. Be2 e5 50. Bd3 Bc7 51. Kf6+ Kg8 52. h5
Bd8+ 53. Kf5 Kg7 54. h6+ Kh8 55. g6 Bc7 56. g7+ 1-0

[Event "39th Trusts Chess Open A"]
[Site "Henderson, Auckland NZL"]
[Date "2016.06.04" ]
[Round "1"]
[White "Runcan, Daniel I"]
[Black "Noble, Mark F"]
[Result "0-1"]
[WhiteElo "2004"]
[BlackElo "2307"]
[PlyCount "0"]
[EventDate "2016.06.04"]
[SourceDate ""]

1. e4 d5 2. exd5 Nf6 3. Bb5+ Nbd7 4. d4 Nxd5 5. Nf3 c6 6. Be2 Qc7 7. O-O e6 8.
c4 Nf4 9. Nc3 Be7 10. Re1 O-O 11. Bf1 Ng6 12. Qc2 e5 13. Bd3 exd4 14. Bxg6 hxg6
15. Rxe7 dxc3 16. Bg5 Qa5 17. Rae1 Nf6 18. Bxf6 gxf6 19. Nh4 Qg5 20. g3 cxb2
21. Qxb2 Be6 22. Nf3 Qh5 23. Qxf6 Bxc4 24. R1e5 Qh8 25. Qg5 Rad8 26. Nh4 Rd6
27. Rxb7 Rd5 28. Nxg6 Rd1+ 29. Kg2 Bf1+ 30. Kf3 fxg6+ 31. Ke3 Qxe5+ 32. Qxe5
Re1+ 0-1

[Event "39th Trusts Chess Open A"]
[Site "Henderson, Auckland NZL"]
[Date "2016.06.04" ]
[Round "1"]
[White "Lyall, Simon"]
[Black "Duneas, John"]
[Result "0-1"]
[WhiteElo "1988"]
[BlackElo "2220"]
[PlyCount "0"]
[EventDate "2016.06.04"]
[SourceDate ""]

1. e4 e6 2. d4 d5 3. e5 c5 4. c3 Qb6 5. Nf3 Bd7 6. a3 Nc6 7. b4 cxd4 8. cxd4
Nge7 9. Nc3 Nf5 10. Na4 Qc7 11. Bb2 Nxb4 12. axb4 Bxb4+ 13. Nd2 O-O 14. Bd3
Rfc8 15. O-O b5 16. Nc5 Bxc5 17. dxc5 Qxc5 18. Nb3 Qb4 19. Ba3 Qf4 20. Bb2 Rc7
21. g3 Qb4 22. Bxf5 exf5 23. Qxd5 Bc6 24. Qd3 Be4 25. Qd6 Qxb3 26. Qxc7 Qf3 0-1

[Event "39th Trusts Chess Open A"]
[Site "Henderson, Auckland NZL"]
[Date "2016.06.04" ]
[Round "1"]
[White "Gong, Daniel Hanwen"]
[Black "Wright, Caleb"]
[Result "1-0"]
[WhiteElo "2218"]
[BlackElo "1982"]
[PlyCount "0"]
[EventDate "2016.06.04"]
[SourceDate ""]

1. c4 c5 2. Nc3 Nc6 3. g3 g6 4. Bg2 Bg7 5. d3 e5 6. Nf3 Nge7 7. Nd2 a6 8. Nf1
O-O 9. Ne3 Rb8 10. a4 Nd4 11. h4 h5 12. Ned5 Nec6 13. Bg5 f6 14. Bd2 d6 15. Be4
Nf5 16. e3 Nfe7 17. O-O Be6 18. Rb1 f5 19. Bg2 Bf7 20. e4 Nxd5 21. Nxd5 Bxd5
22. cxd5 Nd4 23. b4 b6 24. Bg5 Qc7 25. Kh1 Qf7 26. f4 exf4 27. Bxf4 Qd7 28. Qd2
Kh7 29. Qa2 a5 30. bxc5 bxc5 31. Qc4 Bh6 32. Bxh6 Kxh6 33. e5 dxe5 34. Qxc5
Qxa4 35. Qe7 Rbe8 36. Qg5+ Kg7 37. Rb6 1-0

[Event "39th Trusts Chess Open A"]
[Site "Henderson, Auckland NZL"]
[Date "2016.06.04" ]
[Round "1"]
[White "Sarmiento, Noel"]
[Black "McNabb, Matthew D"]
[Result "0-1"]
[WhiteElo "1922"]
[BlackElo "2187"]
[PlyCount "0-1"]
[EventDate "2016.06.04"]
[SourceDate ""]

1. c4 c6 2. Nf3 Nf6 3. Nc3 d5 4. e3 e6 5. a3 Bd6 6. d4 Nbd7 7. Be2 a6 8. O-O
O-O 9. b4 b5 10. cxd5 cxd5 11. Bb2 Bb7 12. Rc1 Qb8 13. Bd3 Ne4 14. Rc2 Ndf6 15.
h3 Rd8 16. Qe2 Nxc3 17. Bxc3 Ne4 18. Bb2 a5 19. bxa5 Rxa5 20. Bxb5 Bxa3 21.
Bxa3 Rxa3 22. Rfc1 Rc8 23. Bd3 Rxc2 24. Qxc2 Rc3 25. Qd1 Qc8 26. Rxc3 Qxc3 27.
Qb1 Qc8 28. g3 g6 29. Kg2 Nd6 30. h4 Kg7 31. Ng5 f6 32. Nf3 Ba6 33. Bxa6 Qxa6
34. Qc2 Nc4 35. Ne1 e5 36. dxe5 fxe5 37. Nf3 Kf6 38. Nh2 Qe6 39. Qd3 h5 40. Qd1
Kg7 41. Qd3 Qf7 42. Nf3 Qxf3+ 43. Kxf3 e4+ 44. Qxe4 Nd2+ 45. Kf4 Nxe4 46. f3
Nd2 47. e4 d4 48. g4 Nf1 0-1

[Event "39th Trusts Chess Open A"]
[Site "Henderson, Auckland NZL"]
[Date "2016.06.04" ]
[Round "1"]
[White "Vincenti, David"]
[Black "Gilmour, Mark"]
[Result "1-0"]
[WhiteElo "2180"]
[BlackElo "1850"]
[PlyCount "0"]
[EventDate "2016.06.04"]
[SourceDate ""]

1. d4 d5 2. c4 e6 3. Nc3 c6 4. e3 f5 5. Bd3 Nf6 6. f3 Bb4 7. Nge2 Nbd7 8. O-O
O-O 9. cxd5 cxd5 10. e4 fxe4 11. fxe4 dxe4 12. Nxe4 Be7 13. Ng5 Nb6 14. Bc2
Nbd5 15. a3 h6 16. Nf3 Bd7 17. Ne5 Be8 18. Nf4 Nxf4 19. Bxf4 Rc8 20. Qd3 Bd6
21. Ng4 Rxc2 22. Bxd6 Rxg2+ 23. Kxg2 Bc6+ 24. Kg1 Qxd6 25. Nxf6+ Rxf6 26. Rxf6
Qd5 27. Rf3 Qxf3 28. Qxf3 Bxf3 29. Kf2 Bd5 30. Ke3 g5 31. Rg1 Kf7 32. h4 gxh4
33. Rg4 h3 34. Rh4 Bg2 35. Rxh6 Kg7 36. Rh4 Kf6 37. Kf4 Kg6 38. b4 a6 39. a4
Bc6 40. a5 Bg2 41. Ke5 Kg5 42. Rh8 Kg4 43. Kxe6 Kg3 44. d5 h2 45. Rxh2 Kxh2 46.
d6 1-0

[Event "39th Trusts Chess Open A"]
[Site "Henderson, Auckland NZL"]
[Date "2016.06.04" ]
[Round "1"]
[White "Ha, Huy Minh"]
[Black "Timergazi, Layla"]
[Result "1-0"]
[WhiteElo "1850"]
[BlackElo "2152"]
[PlyCount "0"]
[EventDate "2016.06.04"]
[SourceDate ""]

1. c4 Nf6 2. g3 g6 3. Nf3 Bg7 4. Bg2 O-O 5. O-O d6 6. Nc3 e5 7. e4 Nc6 8. d3
Nd7 9. Ne1 f5 10. exf5 gxf5 11. f4 Nd4 12. Nc2 Nxc2 13. Qxc2 c6 14. Qb3 Nc5 15.
Qc2 a5 16. Be3 Ne6 17. Qf2 Bd7 18. Ne2 Qf6 19. Nc3 Qg6 20. Qc2 exf4 21. Bxf4
Nxf4 22. Rxf4 Be5 23. Rf3 f4 24. gxf4 Bxf4 25. Raf1 Qh6 26. h3 Bg4 27. Rxf4
Rxf4 28. hxg4 Rxg4 29. Qf2 Kh8 30. Qf6+ Qxf6 31. Rxf6 Rag8 32. Rf2 Rg3 33. Rd2
h5 34. Kh2 Re3 35. Ne4 Rg6 36. Bh3 b6 37. Bf5 Rh6 38. Ng5 Kg7 39. Rg2 Kf6 40.
Be4 c5 41. Nh7+ Ke5 42. Rg5+ Kf4 43. Rf5+ Kg4 44. Nf6+ Kh4 45. Nd5 Re2+ 46. Bg2
Rxb2 47. Rf3 Kg4 48. a4 h4 49. Rf4+ Kg5 50. Kh3 Re6 51. Be4 Re5 52. Rg4+ Kh6
53. Rg6+ Kh7 54. Rg2+ Rxe4 55. dxe4 Rxg2 56. Kxg2 Kg6 57. Kh3 Kg5 58. Nxb6 Kf4
59. Kxh4 Kxe4 60. Kg3 Kd4 61. Kf4 Kd3 62. Kf5 Kc3 63. Ke6 1-0

[Event "39th Trusts Chess Open A"]
[Site "Henderson, Auckland NZL"]
[Date "2016.06.04" ]
[Round "1"]
[White "Li, William Xiang Wei"]
[Black "Shen, Terry"]
[Result "1-0"]
[WhiteElo "2149"]
[BlackElo "1813"]
[PlyCount "0"]
[EventDate "2016.06.04"]
[SourceDate ""]

1. e4 c5 2. Nf3 e6 3. Nc3 Nc6 4. d4 cxd4 5. Nxd4 a6 6. Be3 Qc7 7. Be2 Nf6 8.
O-O b5 9. a3 Bb7 10. f4 d6 11. Bf3 Be7 12. Kh1 O-O 13. Qe1 Nd7 14. Rd1 Rfd8 15.
f5 Nxd4 16. Bxd4 exf5 17. exf5 Bf6 18. Bxb7 Qxb7 19. Ne4 Bxd4 20. Rxd4 d5 21.
Nc3 Nf6 22. Qd2 Rd7 23. Rd1 Rad8 24. Qf4 h6 25. Qf3 Ne4 26. h3 Nxc3 27. Qxc3
Rc8 28. Qd3 Qc6 29. c3 Rcd8 30. Qf3 Rd6 31. Rg4 Qb6 32. Qg3 g6 33. Rgd4 Qb7 34.
Rh4 Kg7 35. Qe5+ f6 36. Qg3 g5 37. Rhd4 Qd7 38. Qf3 Qf7 39. a4 bxa4 40. Rxa4
Rb8 41. Rd2 Qe8 42. Rad4 Qe1+ 43. Kh2 Qe5+ 44. g3 Re8 45. Qh5 Rd7 46. c4 Red8
47. Qf3 Kf8 48. cxd5 Rd6 49. Re4 Qxe4 50. Qxe4 Kf7 51. Re2 R6d7 52. Qe6+ Kg7
53. Qxa6 Rxd5 54. Re7+ Kg8 55. Qe6+ Kh8 56. Qxf6+ Kg8 57. Qg7# 1-0

[Event "39th Trusts Chess Open A"]
[Site "Henderson, Auckland NZL"]
[Date "2016.06.04" ]
[Round "1"]
[White "Zhang, Jasmine Haomo"]
[Black "James, Jack"]
[Result "0-1"]
[WhiteElo "1859"]
[BlackElo "2097"]
[PlyCount "0"]
[EventDate "2016.06.04"]
[SourceDate ""]

1. d4 Nf6 2. c4 e5 3. e3 Nc6 4. Nf3 d6 5. Nc3 Bf5 6. a3 a5 7. d5 Ne7 8. Nd2 g6
9. e4 Bd7 10. Ndb1 Bg7 11. f3 O-O 12. Bd3 Ne8 13. Be3 b6 14. Qd2 f5 15. Ne2 f4
16. Bf2 g5 17. Nbc3 Ng6 18. O-O-O h5 19. Rdf1 Kh7 20. Be1 g4 21. Kb1 gxf3 22.
gxf3 Bh3 23. Rf2 Rg8 24. Nc1 Bf6 25. Bf1 Bd7 26. Rg1 Nh4 27. Rxg8 Kxg8 28. Qd3
Kf7 29. Rd2 Ng6 30. Rg2 Bh4 31. Bxh4 Qxh4 32. Qe2 Nf6 33. Rg1 Rg8 34. Qd2 Bh3
35. Bd3 Ne7 36. Rxg8 Kxg8 37. Nb5 Ne8 38. Bc2 Ng6 39. Bd1 Bf1 40. b3 a4 41. Kb2
axb3 42. Kxb3 Qh3 43. Qf2 Nh4 44. Kc3 Bg2 45. Nd3 Bxf3 46. Qg1+ Qg4 47. Qxg4+
hxg4 48. Bxf3 Nxf3 49. Nf2 Nxh2 50. Kd3 f3 51. Kd2 g3 52. Nh3 f2 0-1